| 000 | 01236cab a2200253 4500 | ||
|---|---|---|---|
| 001 | ABS57229 | ||
| 008 | 090401t1997 xxu||||| |||| 00| 0 eng d | ||
| 035 | _a(Sirsi) u79468 | ||
| 041 | _aeng | ||
| 100 | _aPunwani, A. | ||
| 245 | 2 | _aA study of growth-investment-financing nexus of the major UK construction groups | |
| 260 | _c1997 | ||
| 350 | _a0 | ||
| 490 |
_aConstruction Management & Economics _v15(4) 1997, 349-361(13) |
||
| 520 | _aCompares the relationship between growth, investment and financing of the contracting operations with that of the housebuilding operations in the large, diversified UK construction groups during the 1980s. It is established that the major contractors not only achieved significant growth in their turnover with negligable resource to additional capital investment but in fact generated surplus funds which could be diverted into other businesses in their respective construction group`s portfolio of business activities. (Based on journal abstract). References. | ||
| 650 | _aCAPITAL INVESTMENT | ||
| 650 | _aCONSTRUCTION COMPANIES | ||
| 650 | _aFINANCING | ||
| 650 | _aHOUSE BUILDING | ||
| 650 | _aINVESTMENT | ||
| 690 | _aBUILT ENVIRONMENT | ||
| 942 | _n0 | ||
| 948 | _c04/07/1997 | ||
| 999 |
_c49960 _d49960 |
||